00282nam a22001217a 4500003000400000082001800004100002000022245003300042260004400075300000700119650001700126653001700143SGT a617.643bD21S aSehrawat, Sonam aDigitization in Orthodontics aGurugram, HaryanabSGT Universityc2021 a95 aOrthodontics aOrthodontics